[Event "Memorial Jorge Szmetan 2017"]
[Site "Buenos Aires"]
[Date "2017.04.23"]
[Round "7"]
[White "Van Riemsdijk, Herman C"]
[Black "Slipak, Sergio"]
[Result "1/2-1/2"]
[WhiteElo "2318"]
[BlackElo "2465"]
[Annotator "TA"]
[PlyCount "131"]
[EventDate "2017.04.17"]
[EventType "tourn"]
[EventCountry "ARG"]
[SourceTitle "playchess.com"]
[Source "ChessBase"]
[SourceQuality "1"]

{[%evp 19,131,51,54,21,39,29,39,39,31,26,70,-20,-15,-7,31,-69,-6,-12,-8,-27,-13,-26,-23,-35,-20,-20,-20,-20,-17,-20,-20,-20,-21,-22,-20,-16,-16,-16,-8,-16,-16,-31,-7,-7,-7,-7,-7,-8,0,-2,-2,-8,-2,-43,-43,-30,-4,-30,-31,-135,-135,-135,-135,-137,-135,-135,-135,-1987,-1606,-29953,-29957,-29957,-29961,-29962,-29964,-29963,-29958,-29962,0,-29963,-29964,-29964,-29966,-29968,-29966,-29963,-29967,-29968,0,0,0,-29967,-29964,-29974,-29969,-29978,-29979,-29980,-29980,-29980,0,0,0,0,0,0,0,0,0,-5102,0,0,0,0]} 1. e4 e5 2. Nf3 Nc6 3. Bb5 a6 4. Ba4 Nge7 5. c3 g6 6. d4 {C70: Ruy Lopez: 3...a6 4 Ba4, Norwegian and Delayed Schliemann} exd4 7. Nxd4 (7. cxd4 b5 8. Bb3 Bg7 9. d5 Na5 10. Bd2 c5 11. d6 Nec6 12. Bg5 {½-½ (12) Bobras,P (2524)-Movsesian,S (2677) Czech Republic 2017}) 7... Bg7 8. Bg5 O-O 9. O-O h6 10. Nxc6 bxc6 {LiveBook: 5 Games} 11. Bh4 Rb8 12. Bb3 d5 $146 (12... g5 13. Bg3 Ng6 14. Qh5 Nf4 15. Bxf4 gxf4 16. h4 {1-0 (61) Diaz,R (2306)-Henriquez,C (2219) Santiago de Chile 2011}) 13. Re1 g5 14. Bg3 Be6 15. exd5 (15. Nd2 $14) 15... cxd5 $11 16. Nd2 Rb6 17. Be5 (17. Nf3 $14) 17... c5 ({Black should play} 17... Bxe5 $15 18. Rxe5 c5) 18. Bxg7 Kxg7 19. Nf1 Nf5 20. Qd2 c4 21. Bd1 d4 22. b3 dxc3 23. Qxc3+ Qd4 24. Qxd4+ Nxd4 25. bxc4 Bxc4 26. Nd2 Be6 27. Nb3 Rd8 {[%cal Re6b3]} 28. h3 Nxb3 29. Bxb3 Rd2 30. Re3 Bxb3 31. axb3 $15 {[%mdl 4096] Endgame KRR-KRR} Rf6 32. Rf3 Rxf3 33. gxf3 $11 {KR-KR} Rd6 34. Kg2 Rb6 35. Ra5 Kg6 36. Rd5 f6 37. Ra5 h5 38. h4 gxh4 {[%cal Bg5h4,Bh4h3][%mdl 32]} 39. f4 (39. Ra3 $15) 39... Rxb3 $17 40. Rxa6 h3+ 41. Kh2 Rf3 42. Ra2 Kf5 43. Rb2 $2 {[%mdl 8192]} (43. Ra6 $17) 43... Kxf4 $19 44. Ra2 f5 45. Rb2 Kg4 46. Rb4+ f4 47. Rb2 Kg5 48. Rc2 Kg4 $2 (48... Rb3 49. Rc6 Kg4 50. Rc2 Rb1 51. Ra2 Rf1 52. Rb2 Kf3 53. Rb7 Kxf2 54. Rb4 Kf3 55. Rb7 Re1 56. Ra7 Kf2 57. Ra5 f3 58. Rxh5 Ke2 59. Re5+ Kf1 60. Ra5 Rb1 61. Rh5 Ke2 62. Re5+ Kd2 63. Rf5 Ke3 64. Re5+ Kf4 65. Re7 f2 66. Rf7+ Ke3 67. Re7+ Kd3 68. Rd7+ Kc4 69. Rf7 f1=Q 70. Rxf1 Rxf1 71. Kxh3 Rg1 72. Kh2 Rg6 73. Kh3 Kd3 74. Kh4 Ke4 75. Kh5 Kf5 76. Kh4 Kf4 77. Kh3 Rg8 78. Kh2 Kf3 79. Kh1 Kf2 80. Kh2 Rh8#) 49. Ra2 $2 {[%mdl 8192] [#]} (49. Rb2 $11 Rc3 50. Rd2) 49... Rb3 50. Rc2 Rb1 51. Ra2 Rf1 52. Rb2 Kf3 53. Rb3+ Ke2 $2 (53... Kxf2 54. Ra3 Rd1 55. Rxh3 f3 56. Rxh5 Ke3 57. Re5+ Kf2 58. Rb5 Ke1 59. Kg3 f2 60. Re5+ Kf1 61. Rf5 Rd3+ 62. Kh2 Re3 63. Ra5 Ke2 64. Ra2+ Kf3 65. Ra1 Re1 66. Ra3+ Kf4 67. Ra4+ Kf3 68. Ra3+ Kf4 69. Ra4+ Kf3 70. Ra3+) 54. Rb2+ $11 Kf3 $2 {[%mdl 8192] [#]} (54... Ke1 $11 55. Kxh3 Rxf2 56. Rb1+ Ke2 57. Rb2+ Ke1 58. Rb1+ Kd2) 55. Rb3+ $1 Kxf2 56. Rxh3 Rg1 57. Rxh5 Rg8 58. Rh7 f3 59. Rh6 Kf1 $2 (59... Rf8 {mates} 60. Rh5 Ke2 61. Re5+ Kf1 62. Re6 f2 63. Re3 Rh8+ 64. Kg3 Kg1 65. Rf3 Rg8+ 66. Kh3 f1=Q+ 67. Rxf1+ Kxf1 68. Kh4 Kf2 69. Kh3 Kf3 70. Kh4 Kf4 71. Kh5 Rg4 72. Kh6 Kf5 73. Kh5 Rd4 74. Kh6 Rd7 75. Kh5 Rh7#) 60. Ra6 $1 Rg2+ (60... f2 $5 61. Ra1+ $8 Ke2 62. Ra2+ Ke1 63. Ra1+ Kd2 $11) 61. Kh3 Re2 (61... Rb2 $5 62. Kg3 $8 f2 63. Ra1+ Ke2 $11) 62. Kg3 $1 f2 63. Kf3 $1 Re7 {Strongly threatening ...Rf7+.} (63... Kg1 $5 64. Rg6+ $8 Kf1 $11) 64. Ra1+ Re1 65. Ra2 Kg1 66. Rxf2 1/2-1/2

[Event "Memorial Jorge Szmetan 2017"]
[Site "Buenos Aires"]
[Date "2017.04.24"]
[Round "8"]
[White "Granda Zuniga, Julio E"]
[Black "Slipak, Sergio"]
[Result "1-0"]
[WhiteElo "2658"]
[BlackElo "2465"]
[Annotator "TA"]
[PlyCount "57"]
[EventDate "2017.04.17"]
[EventType "tourn"]
[EventCountry "ARG"]
[SourceTitle "playchess.com"]
[Source "ChessBase"]
[SourceQuality "1"]

{[%evp 23,57,19,28,16,10,13,26,30,41,38,61,60,93,95,93,52,63,56,102,100,119,117,105,104,150,150,155,149,352,318,195,50,751,-20,677,674]} 1. e4 e5 2. Nf3 Nf6 3. Nxe5 d6 4. Nf3 Nxe4 5. Nc3 Nxc3 6. dxc3 Be7 7. Bf4 Nc6 8. Qd2 Be6 9. O-O-O Qd7 {C42: Petroff Defence: 3 Nxe5 and unusual White 3rd moves} 10. Ng5 (10. h3 Bf6 11. g4 h6 12. Bg2 O-O-O 13. b3 Rde8 14. Rhe1 Kb8 15. Be3 a6 16. Ng1 g5 17. Ne2 h5 18. f3 {½-½ (73) So,W (2770)-Wei,Y (2696) Bilbao 2016}) 10... Bxg5 11. Bxg5 f6 12. Be3 O-O-O {LiveBook: 26 Games} ({Wrong is} 12... Bxa2 $2 13. b3 $18) 13. Bb5 a6 ({Not} 13... Bxa2 $2 14. b3 $18) 14. Be2 {[#]} Ne5 $146 ({Don't take} 14... Bxa2 $2 15. b3 $18) (14... Bg4 15. f3 Be6 16. Rhe1 Rhe8 17. Bf1 {½-½ (32) Czarnota,P (2537)-Fridman,D (2661) Germany 2010}) 15. b3 Ng4 16. Bd4 h5 17. f4 h4 18. h3 Nh6 19. Bf3 Nf5 20. Bf2 d5 21. Rhe1 Rhe8 22. Bh5 Rh8 23. Bg4 Rde8 {[#]} 24. c4 $1 {[%cal Rc4d5]} d4 25. c3 c5 $2 (25... d3 $16 {was necessary.} 26. Qxd3 Qxd3 27. Rxd3 g6) 26. cxd4 $18 {Threatens to win with d5.} cxd4 27. Rxe6 ({Better is} 27. Re4 $18) 27... Rxe6 $4 {[%mdl 8192] [#]} (27... Qxe6 $14 28. Qa5 g6) 28. Bxd4 $2 (28. Bxf5 $18 Rhe8 29. Bxh4) 28... Nxd4 $4 {[%mdl 8192]} (28... g6 $11 29. Bc3 Qxd2+ 30. Rxd2 Kc7) 29. Qxd4 1-0

[Event "Memorial Jorge Szmetan 2017"]
[Site "Buenos Aires"]
[Date "2017.04.24"]
[Round "8"]
[White "Bachmann, Axel"]
[Black "Pichot, Alan"]
[Result "0-1"]
[WhiteElo "2646"]
[BlackElo "2556"]
[Annotator "TA"]
[PlyCount "95"]
[EventDate "2017.04.17"]
[EventType "tourn"]
[EventCountry "ARG"]
[SourceTitle "playchess.com"]
[Source "ChessBase"]
[SourceQuality "1"]

{[%evp 27,95,-20,-16,-42,18,0,5,-44,0,0,0,-11,34,0,0,0,0,0,0,0,0,0,0,0,0,-41,-10,-75,-42,-57,-61,-77,0,-68,-61,-89,-94,-83,-43,-54,-60,-47,-47,-55,-15,-25,-8,-8,-8,-8,-8,-14,-15,-15,-15,-15,-14,-44,-24,-77,-77,-79,-81,-430,-430,-422,-422,-489,-489,-489]} 1. e4 c5 2. Nf3 e6 3. d3 d5 4. Nbd2 Nf6 5. g3 Nc6 6. Bg2 Be7 7. O-O O-O 8. e5 Nd7 9. Re1 b5 10. Nf1 a5 11. h4 b4 12. Bf4 a4 13. a3 bxa3 14. bxa3 Ba6 15. h5 {C00: French: Unusual White 2nd moves} (15. Ne3 Rb8 16. Bh3 Nd4 17. Nxd4 cxd4 18. Nxd5 exd5 19. e6 Nf6 20. exf7+ Rxf7 21. Bxb8 Qxb8 22. Be6 Bc8 {½-½ (55) Yu,Y (2737)-Jakovenko,D (2710) Moscow 2016}) 15... Rc8 (15... h6 $15) 16. Ne3 Nd4 17. Nd2 $146 {The position is equal.} (17. Ng4 Qb6 18. h6 g6 19. Qd2 Rfe8 20. Rab1 Qa7 21. Be3 Nb5 22. Ra1 d4 {½-½ (58) Tian,T (2303)-Zhang,X (2191) China 2005}) 17... Bg5 (17... Rb8 $5 {feels hotter.} 18. c4 Bg5 19. Bxg5 Qxg5 20. cxd5 Nxe5 21. f4 Qxg3 22. fxe5 Bxd3 23. Ndf1 Bxf1 24. Nxf1 Qg5) 18. Bxg5 Qxg5 19. c3 Nxe5 20. cxd4 cxd4 21. Nxd5 $1 {[#] Black must now prevent Nb4.} Nxd3 22. Ne4 Qd8 ({Wrong is} 22... Qxd5 $2 {[#]} 23. Nf6+ $1 {[%mdl 512]} gxf6 24. Bxd5 exd5 25. Qg4+ Kh8 26. Qxd4 $18) 23. Nb4 Nxe1 24. Qxe1 Bb5 25. h6 gxh6 26. Nd2 Qf6 27. Qe4 (27. Rb1 $11) 27... Rfd8 28. Re1 d3 29. Rd1 Qb2 ({Better is} 29... Rd7 $17) 30. Qg4+ ({White should try} 30. Qf4 $11) 30... Qg7 $1 $15 {[%cal Rg7g4]} 31. Qh5 Qg5 32. Qf3 Qg6 33. Qb7 Qh5 $1 {[%cal Rh5d1]} 34. Bf3 Qe5 35. Kg2 Rc7 36. Qb6 Qc5 37. Qa5 $1 {Ne4 is the strong threat.} Be8 38. Qxc5 Rxc5 39. Ne4 Rc7 {Black wants to play ...Bb5.} 40. Nf6+ ({Of course not} 40. Nxd3 Bc6 41. Nf6+ Kg7 42. Nh5+ Kf8 $17) 40... Kf8 {Strongly threatening ...Rc3.} 41. Nxe8 ({But not} 41. Rxd3 $2 Rxd3 42. Nxd3 Rc3 $19) (41. Nxd3 $2 Rc3 42. Nb4 Rxd1 43. Bxd1 Rxa3 $19) 41... Kxe8 42. Bc6+ Kf8 43. Bxa4 (43. Kf3 $11 {remains equal.}) 43... Rc3 $17 44. Bb5 d2 45. a4 $2 {[%mdl 8192]} (45. Be2 $17 {is a better chance.}) 45... Rc1 $19 {Black is clearly winning.} 46. Be2 Rd4 47. Na6 {If White can now play f3 this consolidates a bit.} Rxd1 48. Bxd1 0-1

[Event "Memorial Jorge Szmetan 2017"]
[Site "Buenos Aires"]
[Date "2017.04.24"]
[Round "8"]
[White "Bachmann, Axel"]
[Black "Pichot, Alan"]
[Result "*"]
[WhiteElo "2646"]
[BlackElo "2556"]
[Annotator "TA"]
[PlyCount "44"]
[EventDate "2017.04.17"]
[EventType "tourn"]
[EventCountry "ARG"]
[SourceTitle "playchess.com"]
[Source "ChessBase"]
[SourceQuality "1"]

{[%evp 27,29,-15,0,-5]} 1. e4 c5 2. Nf3 e6 3. d3 d5 4. Nbd2 Nf6 5. g3 Nc6 6. Bg2 Be7 7. O-O O-O 8. e5 Nd7 9. Re1 b5 10. Nf1 a5 11. h4 b4 12. Bf4 a4 13. a3 bxa3 14. bxa3 Ba6 15. h5 {C00: French: Unusual White 2nd moves} Rb8 $146 16. N1h2 Nd4 17. Nxd4 cxd4 18. Qg4 Kh8 19. h6 g6 20. Nf3 Qb6 21. Bd2 Bc5 22. Qf4 Qb2 {1-0 (42) Balogh,C (2660)-Horvath,A (2539) Bastia 2014} *

[Event "Memorial Jorge Szmetan 2017"]
[Site "Buenos Aires"]
[Date "2017.04.24"]
[Round "8"]
[White "Flores, Diego"]
[Black "Hoffman, Alejandro"]
[Result "*"]
[WhiteElo "2568"]
[BlackElo "2488"]
[Annotator "TA"]
[PlyCount "39"]
[EventDate "2017.04.17"]
[EventType "tourn"]
[EventCountry "ARG"]
[SourceTitle "playchess.com"]
[Source "ChessBase"]
[SourceQuality "1"]

{[%evp 22,23,25,27]} 1. c4 e6 2. g3 d5 3. Nf3 Nf6 4. Bg2 Be7 5. O-O O-O 6. b3 c5 7. e3 Nc6 8. Bb2 b6 9. Nc3 Bb7 10. cxd5 Nxd5 11. Nxd5 Qxd5 12. d4 {LiveBook: 159 Games} Qf5 $146 13. Ne5 Nxe5 14. Bxb7 Rad8 15. Qb1 Nd3 16. Ba3 a5 17. Bg2 Nb4 18. Be4 Qh5 19. Bb2 Bf6 20. a3 {½-½ (40) Gordievsky,D (2564)-Berkes,F (2648) Moscow 2017} *

[Event "Memorial Jorge Szmetan 2017"]
[Site "Buenos Aires"]
[Date "2017.04.24"]
[Round "8"]
[White "Flores, Diego"]
[Black "Hoffman, Alejandro"]
[Result "1-0"]
[WhiteElo "2568"]
[BlackElo "2488"]
[Annotator "TA"]
[PlyCount "55"]
[EventDate "2017.04.17"]
[EventType "tourn"]
[EventCountry "ARG"]
[SourceTitle "playchess.com"]
[Source "ChessBase"]
[SourceQuality "1"]

{[%evp 32,55,203,191,221,204,213,174,447,259,257,258,255,219,572,571,565,563,662,659,957,957,957,649,630,622]} 1. c4 e6 2. g3 d5 3. Nf3 Nf6 4. Bg2 Be7 5. O-O O-O 6. b3 c5 7. e3 Nc6 8. Bb2 b6 9. Nc3 Bb7 10. cxd5 Nxd5 11. Nxd5 Qxd5 12. d4 Rad8 13. Ne5 Qd6 14. dxc5 Qxc5 15. Nd7 {A14: English Opening: 1...e6 with b3 by White} Qg5 16. h4 Qh6 17. Rc1 {[%cal Ba1c1,Bc1c7,Bc7c6,Bc6d6][%mdl 32] LiveBook: 9 Games. White is clearly better.} e5 (17... Na5 18. Rc7 Bxg2 19. Kxg2 Rfe8 20. Qf3 e5 21. Nxe5 Qe6 22. Rxa7 f6 {1-0 (60) Howell,D (2650)-Neiksans,A (2572) Tromsoe 2014}) 18. Qg4 Rfe8 19. Rfd1 (19. Nxe5 $6 Nxe5 20. Bxe5 Bxg2 21. Kxg2 Bc5 $16) 19... Bf8 $2 {[#]} (19... Rc8 20. Bd5 (20. Nxe5 Nxe5 21. Bxe5 Rxc1 22. Rxc1 Bxg2 $18) 20... Qg6 21. Qxg6 (21. Nxe5 Qxg4 22. Nxg4 Ba8 $16) 21... hxg6 22. Nxe5 Nxe5) 20. Bd5 $146 (20. Nxf8 $142 Rxf8 21. Ba3) (20. Qa4 Na5 21. Bxb7 Nxb7 22. Qxa7 Nc5 23. Nxc5 Bxc5 24. Rxd8 Rxd8 {1-0 (50) Pavlovic,M (2488)-Bokros,A (2472) Kragujevac 2015}) 20... Na5 $18 21. Bxb7 Nxb7 22. Rc7 ({Resist} 22. Bxe5 $6 Qg6 23. Qxg6 hxg6 24. Nxf8 Rxd1+ 25. Rxd1 Kxf8 $16) 22... Nd6 $2 (22... Nc5 {is tougher.} 23. Nxe5 Rxd1+ 24. Qxd1 Qd6 25. Qxd6 Bxd6 26. Rxa7 b5) 23. Nxf8 {White is clearly winning.} (23. Rxa7 Re7 $16) 23... Kxf8 24. Rc6 ({Less strong is} 24. Rxa7 Qf6 25. Rd3 Kg8 $18) 24... Re6 25. Ba3 Ke7 26. Rdxd6 Rexd6 27. Rxd6 Rxd6 28. Qc8 1-0

[Event "Memorial Jorge Szmetan 2017"]
[Site "Buenos Aires"]
[Date "2017.04.24"]
[Round "8"]
[White "Sosa, Tomas"]
[Black "Morovic Fernandez, Ivan"]
[Result "0-1"]
[WhiteElo "2459"]
[BlackElo "2527"]
[Annotator "TA"]
[PlyCount "88"]
[EventDate "2017.04.17"]
[EventType "tourn"]
[EventCountry "ARG"]
[SourceTitle "playchess.com"]
[Source "ChessBase"]
[SourceQuality "1"]

{[%evp 19,88,-10,0,-19,-4,-37,-39,-35,-33,-92,-64,-95,-75,-104,-104,-104,-87,-124,-113,-129,-122,-182,-181,-163,-188,-170,-170,-179,-162,-184,-81,-78,-14,-31,-33,-82,-85,-96,-93,-114,-83,-98,-87,-183,-208,-237,-244,-225,-165,-270,-154,-189,-190,-119,0,0,-26,-139,-125,-629,-643,-1668,-1648,-1620,-1369,-1633,-1578,-3460,-3362,-3133,-3097]} 1. Nf3 Nf6 2. g3 b6 3. Bg2 Bb7 4. O-O e6 5. b3 Be7 6. Bb2 O-O 7. d3 d5 8. Nbd2 c5 9. e3 Nc6 {A05: Réti Opening: 1 Nf3 Nf6} 10. Qe2 Qc7 {LiveBook: 9 Games} 11. a3 (11. e4 dxe4 12. dxe4 e5 13. c3 a5 14. a4 Ba6 15. Nc4 b5 16. axb5 Bxb5 17. Nfd2 {1-0 (50) Nakamura,H (2735)-Simonian,H (2521) ICC INT 2010}) 11... Rad8 {The position is equal.} 12. Rac1 $146 (12. Rfe1 e5 13. e4 d4 14. h3 b5 15. Nh4 g6 16. Bc1 Ne8 {0-1 (43) Andries,C (1953)-Winslow,E (2293) San Francisco 2012}) 12... e5 13. c4 d4 14. e4 (14. exd4 $15 Nxd4 15. Nxd4 exd4 16. Bxb7 Qxb7 17. f3) 14... g6 15. Ng5 Nh5 16. Nh3 Bc8 17. f3 Be6 18. Rf2 Rb8 19. Qf1 b5 20. f4 (20. cxb5 $17 Rxb5 21. a4) 20... exf4 $19 21. Nxf4 Nxf4 22. gxf4 bxc4 23. dxc4 Bh4 24. Rf3 f5 (24... Bg4 $19 25. Rd3 g5) 25. e5 $17 Rb6 (25... Qd7 $17) 26. Rh3 Be7 27. Bd5 Qd7 28. Qg2 Rd8 29. Bf3 Bf8 30. Kh1 a5 {[%cal Ba7a5,Ba5a4][%mdl 32]} 31. Rg1 {[#]} (31. Bh5 $17) 31... a4 $1 $19 32. Rxh7 Qxh7 33. Bxc6 axb3 34. Bf3 (34. a4 $142) 34... Bf7 (34... Be7 $19 35. Qxg6+ Qxg6 36. Rxg6+ Kf7) 35. Qg5 $17 Re8 36. Qxf5 Be7 ({Better is} 36... Kh8 $17 37. Qg4 g5) 37. Qd7 $11 Kf8 $36 {[%mdl 2048] Black has some pressure.} 38. Ne4 (38. Qc7 $11 {remains equal.} Rbb8 39. Be4) 38... Qh4 $17 39. Bg4 $2 {[%mdl 8192]} (39. Qc7 $17 Qxf4 40. Bg2) 39... Bxc4 $19 {[#] aiming for ...Rd8.Black is clearly winning.} 40. Qc7 Bd5 41. Bf3 Rb7 42. Qa5 Qxf4 43. Rg3 Bxe4 44. Kg2 Kg7 0-1

[Event "Memorial Jorge Szmetan 2017"]
[Site "Buenos Aires"]
[Date "2017.04.24"]
[Round "8"]
[White "Sosa, Tomas"]
[Black "Morovic Fernandez, Ivan"]
[Result "*"]
[WhiteElo "2459"]
[BlackElo "2527"]
[Annotator "TA"]
[PlyCount "33"]
[EventDate "2017.04.17"]
[EventType "tourn"]
[EventCountry "ARG"]
[SourceTitle "playchess.com"]
[Source "ChessBase"]
[SourceQuality "1"]

{[%evp 18,19,-2,-23]} 1. Nf3 Nf6 2. g3 b6 3. Bg2 Bb7 4. O-O e6 5. b3 Be7 6. Bb2 O-O 7. d3 d5 8. Nbd2 c5 9. e3 Nc6 {A05: Réti Opening: 1 Nf3 Nf6} 10. Qe2 {LiveBook: 9 Games} Qc7 $146 11. e4 dxe4 12. dxe4 e5 13. c3 a5 14. a4 Ba6 15. Nc4 b5 16. axb5 Bxb5 17. Nfd2 {1-0 (50) Nakamura,H (2735)-Simonian,H (2521) ICC INT 2010} *

[Event "Memorial Jorge Szmetan 2017"]
[Site "Buenos Aires"]
[Date "2017.04.24"]
[Round "8"]
[White "Garcia Palermo, Carlos"]
[Black "Van Riemsdijk, Herman C"]
[Result "1/2-1/2"]
[WhiteElo "2450"]
[BlackElo "2318"]
[Annotator "TA"]
[PlyCount "119"]
[EventDate "2017.04.17"]
[EventType "tourn"]
[EventCountry "ARG"]
[SourceTitle "playchess.com"]
[Source "ChessBase"]
[SourceQuality "1"]

{[%evp 20,119,15,9,31,27,38,43,29,38,22,16,12,13,26,12,77,27,24,10,60,27,26,26,55,55,55,55,55,53,52,53,52,52,55,55,63,62,62,63,62,62,74,70,77,63,63,63,68,56,65,62,80,80,86,85,86,81,83,78,83,70,68,4,4,0,0,0,61,61,60,35,79,83,84,83,80,83,91,91,91,91,91,75,75,75,75,75,75,75,75,75,75,75,75,8,8,8,8,8,8,8]} 1. d4 Nf6 2. c4 e6 3. Nf3 d5 4. g3 Be7 5. Bg2 O-O 6. O-O dxc4 7. Qc2 a6 8. Qxc4 b5 9. Qc2 Bb7 10. Bd2 Be4 11. Qc1 c5 {E05: Open Catalan: 5 Nf3 Be7} 12. dxc5 Nbd7 13. b4 a5 {White is slightly better.} 14. Nc3 axb4 15. Nxe4 (15. Nxb5 Bxc5 16. Nbd4 Qb6 $17) 15... Nxe4 16. Bxb4 {aiming for Nd4.} Bxc5 17. Qb1 {[#]} Qe7 $146 (17... Bxb4 $11 18. Qxb4 (18. Qxe4 Ra4 $11) 18... Ndc5) (17... Bxb4 18. Qxb4 Ndf6 19. Qxb5 {½-½ (44) Khenkin,I (2605)-Fridman,D (2629) Dortmund 2013}) 18. Qxe4 {Black must now prevent Bxc5.} Bxb4 19. Rab1 Ra4 20. Nd4 {Strongly threatening Nc6.} Bc3 (20... Rxa2 $2 21. Nc6 (21. Nxb5 Bc5 $11) 21... Qc5 22. Rxb4 $18) 21. Nc6 Qc5 22. Qd3 Ne5 23. Nxe5 Bxe5 24. Rxb5 Qc3 25. Qxc3 Bxc3 26. Rc1 Bf6 27. Rc2 $1 Ra7 28. Rb7 Rxb7 29. Bxb7 $14 {[%mdl 4096] Endgame KRB-KRB} Rb8 30. a4 {And now a5 would win.} Bd8 31. Ba6 Bb6 32. h4 Kf8 33. Kg2 Ke7 34. f4 Rd8 35. Bb5 f6 36. Bd3 h6 37. Rb2 Ba5 38. Kf3 Rd4 39. Rb7+ Rd7 40. Rb1 Rd4 41. Kg4 (41. Bb5 $14) 41... f5+ $11 42. Kh5 Kf6 43. Rb8 Rd8 (43... Rxa4 $6 44. Rf8+ Ke7 45. Ra8 $16) ({Black should play} 43... Be1 $11 44. Rf8+ Ke7) 44. Rxd8 $14 Bxd8 {KB-KB} 45. g4 fxg4 46. Kxg4 g6 47. h5 $1 gxh5+ 48. Kxh5 Ba5 49. e4 {[%cal Be2e4,Be4e5][%mdl 32]} Bd2 50. e5+ Ke7 51. Kg4 ({Of course not} 51. Kxh6 $6 Bxf4+ 52. Kh5 Bxe5 $11) 51... h5+ {[#]} 52. Kf3 $1 ({But not} 52. Kxh5 Bxf4 53. Kh4 Bxe5 $11) 52... h4 {[#]} 53. Bf1 $1 Kd7 54. Bh3 Bb4 55. Ke4 Bd2 56. f5 exf5+ 57. Kd5 ({Better is} 57. Bxf5+ $16 Kc6 58. e6) 57... Kc7 $11 {The position is equal.} 58. e6 Bg5 ({Don't play} 58... Kd8 $6 59. Bxf5 Bb4 60. Kc6 $16) 59. Bxf5 Kb6 60. a5+ 1/2-1/2

[Event "Memorial Jorge Szmetan 2017"]
[Site "Buenos Aires"]
[Date "2017.04.24"]
[Round "8"]
[White "Darcyl, Tomas"]
[Black "Mareco, Sandro"]
[Result "0-1"]
[WhiteElo "2405"]
[BlackElo "2655"]
[Annotator "TA"]
[PlyCount "60"]
[EventDate "2017.04.17"]
[EventType "tourn"]
[EventCountry "ARG"]
[SourceTitle "playchess.com"]
[Source "ChessBase"]
[SourceQuality "1"]

{[%evp 12,60,18,3,23,13,17,-28,-12,-26,-25,-31,-31,-29,-29,-44,-33,-53,-59,-143,-62,-76,-77,-68,-64,-285,-41,-154,-122,-152,-170,-170,-147,-152,-152,-194,-143,-141,-131,-140,-143,-137,-138,-335,-333,-540,-542,-541,-541,-1054,-1044]} 1. Nf3 Nf6 2. g3 b5 3. Bg2 Bb7 4. O-O e6 5. d3 Be7 6. e4 O-O 7. Re1 d6 {A05: Réti Opening: 1 Nf3 Nf6} 8. Nbd2 Nbd7 9. e5 $146 (9. Nf1 Re8 10. h3 e5 11. g4 Nf8 12. Ng3 Ng6 13. c3 a6 14. g5 Nd7 15. h4 {0-1 (81) Rzayev,B (2411)-Kotsur,P (2552) Nakhchivan 2013}) 9... dxe5 {Black has an edge.} 10. Nxe5 Bxg2 11. Kxg2 Nxe5 12. Rxe5 Nd5 13. a4 a6 14. Qf3 Nb4 15. axb5 {[#]} (15. Qd1 $1 $15) 15... Nxc2 ({Black should try} 15... Bd6 $1 $17 {[%cal Rd6e5]} 16. Re4 axb5 17. Rxa8 Qxa8) 16. Rxa6 $15 Rb8 17. Nc4 Bf6 $36 {[%mdl 2048] Black has the initiative.} 18. Re2 $2 (18. Re4 $15) 18... Nb4 $2 (18... Nd4 $19 19. Qg4 Nxe2 20. Qxe2 Rxb5) 19. Na5 (19. Ra5 $15) 19... Qd7 ({Don't take} 19... Rxb5 20. Nc6 Qxd3 21. Nxb4 Qxf3+ 22. Kxf3 $17) 20. Nc6 Nxa6 21. bxa6 Rb6 22. Rc2 Rxa6 23. Bf4 Rb6 (23... Ra1 $19 24. h3 Rb1) 24. b4 $17 Rb5 {[%cal Bb6b5,Bb5f5,Bf5d5][%mdl 32]} 25. Na7 Rf5 26. Rxc7 Qd8 27. Qb7 $2 (27. Rc8 $17 {was called for.} Qd5 28. Qxd5 Rxd5 29. Rc7) 27... Qxd3 $19 28. Be3 $2 (28. Nc8) 28... Rd5 {[#] aiming for ...Qe4+.Black is clearly winning.} 29. h3 Be5 30. Rc8 Qe4+ 0-1

[Event "Memorial Jorge Szmetan 2017"]
[Site "Buenos Aires"]
[Date "2017.04.25"]
[Round "9"]
[White "Mareco, Sandro"]
[Black "Flores, Diego"]
[Result "1-0"]
[WhiteElo "2655"]
[BlackElo "2568"]
[Annotator "TA"]
[PlyCount "85"]
[EventDate "2017.04.17"]
[EventType "tourn"]
[EventCountry "ARG"]
[SourceTitle "playchess.com"]
[Source "ChessBase"]
[SourceQuality "1"]

{[%evp 15,85,49,41,35,52,43,44,46,39,40,46,46,57,45,38,42,41,34,27,36,40,5,45,38,38,42,41,24,50,42,59,40,58,6,15,4,60,45,50,55,59,56,49,57,91,81,71,79,75,42,50,29,60,14,14,0,297,207,281,266,482,466,420,420,422,395,635,589,619,589,1834,1728]} 1. Nf3 Nf6 2. c4 e6 3. g3 a6 4. b3 b5 5. Nc3 {[%cal Bb1c3,Bc3a4,Ba4b6][%mdl 32]} Bb7 6. Bg2 b4 7. Na4 {A13: English Opening: 1...e6} c5 (7... Be7 8. O-O O-O 9. d4 a5 10. Bb2 d6 11. Re1 Be4 12. Nd2 Bxg2 13. Kxg2 d5 14. e4 dxe4 15. Nxe4 Nxe4 16. Rxe4 {½-½ (32) Wagner,D (2548)-Bartel,M (2641) Zurich 2016}) 8. d4 cxd4 {LiveBook: 3 Games} 9. Qxd4 {White is slightly better.} Nc6 10. Qb6 $146 (10. Qf4 d5 11. Bb2 dxc4 12. Qxc4 Be7 13. Nc5 Bxc5 14. Qxc5 Qe7 {1-0 (57) Velikov,P (2495)-Stajcic,N (2290) Werfen 1990}) 10... Qxb6 11. Nxb6 Rd8 12. O-O (12. Be3 Ng4 13. Na4 Nxe3 14. fxe3 {[#]} Ne5 $1 $11 {[%mdl 512]}) 12... Ne4 13. Bb2 f6 14. Rad1 Nc5 15. Ne1 Na5 16. Nd3 Bxg2 17. Kxg2 Nxd3 18. exd3 (18. Rxd3 $5 {with more complications.} Bc5 19. Bd4 Nb7 20. e3 h5 21. Rfd1) 18... Rb8 (18... Bc5 $5 19. Na4 $8 Ba7 $14) 19. Bd4 Nc6 20. Be3 Be7 21. f4 Rb7 22. Rc1 f5 23. Na4 Bf6 24. Nc5 (24. Rfd1 $14) 24... Ra7 $11 25. Rfd1 Nd4 (25... Bb2 $11) 26. Ne4 $14 fxe4 27. dxe4 {Black must now prevent e5.} Nc6 $1 (27... e5 $2 28. fxe5 Bxe5 29. Bxd4 Bxd4 30. Rxd4 $18) 28. Bxa7 Nxa7 29. Rd6 $1 {[#] Hoping for Rcd1.} Be7 30. Rxa6 Nc6 31. Ra8+ Bd8 32. Rd1 Ke7 33. h4 $36 {[%mdl 2048] White fights for an advantage.} g6 34. a3 bxa3 35. b4 {[%cal Bb3b4,Bb4b5][%mdl 32]} a2 $2 {[%mdl 8192]} (35... Nxb4 $11 {and Black is okay.} 36. Ra7 (36. Rxa3 Bb6 37. Rb1 Bc5 $11) 36... Ke8) 36. b5 Nd4 37. Rxa2 ({Weaker is} 37. Rxd4 Bb6 38. Rxd7+ (38. Rxh8 Bxd4 39. Ra8 a1=Q 40. Rxa1 Bxa1 $17) 38... Kxd7 39. Rxa2 Kd6 $15) 37... Nb3 $2 (37... Bb6 {might work better.} 38. Rad2 Ra8 39. Rxd4 Bxd4) 38. Ra8 $18 Re8 39. b6 Nc5 40. Rb1 Nb7 $2 (40... Bxb6 41. Rxe8+ Kxe8 42. Rxb6 Nxe4 43. Rb8+ Kf7) 41. Rb8 {White is clearly winning.} Na5 42. b7 Nc6 43. Rc8 1-0